[Event "Druzynowe Mistrzostwa Polski - II liga"]
[Site "Dom Wczasowy VIS Jastrzebia Gora"]
[Date "1899-12-30"]
[Round "5.10"]
[White "Wacior, Maciej"]
[Black "Golda, Sebastian"]
[Result "1-0"]
[WhiteTitle "k"]
[BlackTitle "k"]
[WhiteElo "2151"]
[BlackElo "2105"]

1. d4 c5 2. d5 Nf6 3. Nc3 d6 4. e4 g6 5. Nf3 Bg7 6. Bb5+ Nbd7 7. a4 O-O 8. h3 a6
9. Bd3 Rb8 10. Qe2 e6 11. dxe6 fxe6 12. O-O Nh5 13. Bg5 Qe8 14. Qd2 Ne5 15. Be2
Nxf3+ 16. Bxf3 Rxf3 17. gxf3 Qf8 18. Kg2 h6 19. Be3 g5 20. Rad1 Be5 21. Ne2 Bd7
22. Bxc5 dxc5 23. Qxd7 Qf6 24. b3 Rf8 25. Rd3 Rf7 26. Qd8+ Kg7 27. Qxf6+ Kxf6
28. Rfd1 b5 29. Rd7 Re7 30. h4 gxh4 31. Kh3 Nf4+ 32. Nxf4 Bxf4 33. Kxh4 Be5 34.
Kg4 Bd4 35. Rxe7 Kxe7 36. axb5 axb5 37. Rh1 Bxf2 38. Rxh6 Bd4 39. f4 b4 40. f5
exf5+ 41. Kxf5 Kd7 42. e5 Bc3 43. e6+ Kd6 44. Rh7 Bd4 45. Rd7+ Kc6 46. Rxd4 Kd5
47. Ke4+ 1-0

[Event "Druzynowe Mistrzostwa Polski - II liga"]
[Site "Dom Wczasowy VIS Jastrzebia Gora"]
[Date "1899-12-30"]
[Round "5.11"]
[White "Owoc, Jakub"]
[Black "Gosciniak, Maria"]
[Result "1/2-1/2"]
[WhiteTitle "I"]
[BlackTitle "WFM"]
[WhiteElo "1738"]
[BlackElo "2094"]

1. e4 e5 2. Nf3 Nc6 3. Nc3 Nf6 4. a3 d5 5. Bb5 Nxe4 6. Qe2 Nxc3 7. Qxe5+ Qe7 8.
dxc3 Bd7 9. Bxc6 Bxc6 10. Bf4 O-O-O 11. O-O-O Qxe5 12. Nxe5 Be8 13. Rhe1 f6 14.
Nf3 Bh5 15. Rd3 Bg6 16. Rd2 c6 17. Nd4 Bf7 18. Rde2 Bc5 19. b4 Bxd4 20. Re7 Rd7
21. cxd4 Rhd8 22. h4 Rxe7 23. Rxe7 Rd7 24. Re3 Kd8 25. a4 a6 26. b5 axb5 27. axb5
cxb5 28. Rb3 Ke7 29. Rxb5 Be6 30. Kd2 Bf7 31. Kc3 Bg6 32. Kb3 h5 33. c3 Bd3 34.
Rb6 Bf1 35. g3 Bc4+ 36. Kb4 Kf7 37. Kc5 Ke7 38. Rb1 b5 39. Re1+ Kf7 40. Kb6 Re7
41. Rxe7+ 1/2-1/2

[Event "Druzynowe Mistrzostwa Polski - II liga"]
[Site "Dom Wczasowy VIS Jastrzebia Gora"]
[Date "1899-12-30"]
[Round "5.12"]
[White "Adamowicz, Katarzyna"]
[Black "Jedrocha, Katarzyna"]
[Result "1-0"]
[WhiteTitle "WFM"]
[BlackTitle "k"]
[WhiteElo "2088"]
[BlackElo "1978"]

1. e4 c6 2. d4 d5 3. e5 c5 4. c3 Nc6 5. Bb5 cxd4 6. cxd4 Bf5 7. Nc3 e6 8. Nge2
Be7 9. Qa4 Qb6 10. O-O h5 11. Ng3 Bg6 12. f4 h4 13. f5 hxg3 14. fxg6 f5 15. Bd2
Kf8 16. Ne2 Rh4 17. Rf4 Rxf4 18. Bxf4 gxh2+ 19. Kxh2 Nh6 20. Rh1 Ng4+ 21. Kg3
Kg8 22. Bxc6 bxc6 23. Qd1 Qb5 24. Rh8+ Kxh8 25. Qh1+ Bh4+ 26. Qxh4+ Kg8 27. Qh7+
Kf8 28. Qh8+ Ke7 29. Bg5+ Kd7 30. Qxa8 Kc7 31. Qxa7+ Kc8 32. Qa8+ Kc7 33. Qd8+
Kb7 34. Qe7+ Kb8 35. Nf4 Qf1 36. Qd6+ Kb7 37. Qb4+ Kc8 38. Nxe6 Qf2+ 39. Kh3 Qg1
40. Qf8+ Kb7 41. Nc5+ Ka7 42. Qe7+ 1-0

[Event "Druzynowe Mistrzostwa Polski - II liga"]
[Site "Dom Wczasowy VIS Jastrzebia Gora"]
[Date "1899-12-30"]
[Round "5.13"]
[White "Fiedorek, Michal"]
[Black "Szustakowski, Antoni"]
[Result "1/2-1/2"]
[WhiteTitle "FM"]
[BlackTitle "FM"]
[WhiteElo "2257"]
[BlackElo "2311"]

1. e4 e6 2. d4 d5 3. e5 c5 4. c3 Nc6 5. Nf3 Bd7 6. Be2 Nge7 7. O-O cxd4 8. cxd4
Nf5 9. Nc3 Rc8 10. Re1 a6 11. Bd3 Ncxd4 12. Nxd4 Nxd4 13. Bxa6 bxa6 14. Qxd4 Rc4
15. Qd3 Qh4 16. b3 Rc8 17. Be3 Bb4 18. Bd4 O-O 19. Re3 Bxc3 1/2-1/2

[Event "Druzynowe Mistrzostwa Polski - II liga"]
[Site "Dom Wczasowy VIS Jastrzebia Gora"]
[Date "1899-12-30"]
[Round "5.14"]
[White "Paprocki, Antoni"]
[Black "Karpus, Michal"]
[Result "1-0"]
[WhiteTitle "k"]
[BlackTitle "FM"]
[WhiteElo "2074"]
[BlackElo "2207"]

1. e4 e5 2. Nf3 Nc6 3. Bc4 Bc5 4. c3 Nf6 5. d3 d6 6. O-O a6 7. a4 Ba7 8. Re1 h6
9. Nbd2 O-O 10. h3 Ne7 11. Nf1 Ng6 12. Bb3 Re8 13. Ng3 c6 14. d4 Qc7 15. Qc2 Be6
16. Bxe6 Rxe6 17. Be3 exd4 18. cxd4 Bb6 19. Rab1 Rae8 20. Nd2 c5 21. d5 R6e7 22.
Nc4 Ba7 23. a5 Bb8 24. Bd2 Qd8 25. Bc3 Rd7 26. Nf5 Rf8 27. Re3 Ne8 28. Rg3 Kh7
29. Qe2 f6 30. Bd2 Nh8 31. Bxh6 gxh6 32. Qh5 Nf7 33. Rg6 Re7 34. Nxh6 Ng7 35.
Rxg7+ 1-0

[Event "Druzynowe Mistrzostwa Polski - II liga"]
[Site "Dom Wczasowy VIS Jastrzebia Gora"]
[Date "1899-12-30"]
[Round "5.15"]
[White "Pacuszka, Tomasz"]
[Black "Skomial, Mateusz"]
[Result "0-1"]
[WhiteTitle "FM"]
[BlackTitle "I++"]
[WhiteElo "2195"]
[BlackElo "2090"]

1. e4 e5 2. Nf3 Nf6 3. Nxe5 d6 4. Nf3 Nxe4 5. d4 d5 6. Bd3 Be7 7. O-O O-O 8. Re1
Nf6 9. h3 c5 10. c3 Nc6 11. Nbd2 cxd4 12. cxd4 Re8 13. Nf1 Bb4 14. Rxe8+ Qxe8
15. Bf4 Be6 16. Ng3 Qd7 17. Qb1 Bd6 18. Be5 Qe7 19. a3 h6 20. b4 Nd7 21. Qb2 Ndxe5
22. dxe5 Bc7 23. Re1 Qd7 24. Bb5 Bb6 25. Kh2 Rc8 26. Qd2 a6 27. Ba4 Qc7 28. Rc1
Qb8 29. Qb2 Qa7 30. Rc2 Nd4 31. Nxd4 Bxd4 32. Rxc8+ Bxc8 33. Qc1 Be6 34. f4 Be3
35. Qf1 Qd4 36. Ne2 Qe4 37. Bb3 d4 38. Bxe6 fxe6 39. g3 Qc2 0-1

[Event "Druzynowe Mistrzostwa Polski - II liga"]
[Site "Dom Wczasowy VIS Jastrzebia Gora"]
[Date "1899-12-30"]
[Round "5.16"]
[White "Kulesza, Andrzej"]
[Black "Krainski, Aleksander"]
[Result "1-0"]
[WhiteTitle "I++"]
[BlackTitle "FM"]
[WhiteElo "2014"]
[BlackElo "2062"]

1. e4 e6 2. d4 d5 3. Nd2 c5 4. exd5 exd5 5. Ngf3 Nc6 6. Bb5 Qe7+ 7. Be2 Qc7 8.
O-O Nf6 9. Re1 cxd4 10. Bb5+ Be7 11. Qe2 a6 12. Bxc6+ bxc6 13. b3 Ra7 14. Ba3
c5 15. Qxe7+ Qxe7 16. Bxc5 Ne4 17. Bxe7 Rxe7 18. Nf1 O-O 19. Nxd4 Rc7 20. Ne3
Nf6 21. Rad1 g6 22. f3 Rd8 23. Kf2 Bb7 24. Rd2 Rcc8 25. Red1 Re8 26. Ne2 Re7 27.
Rd3 Kg7 28. R1d2 a5 29. Nf4 Rec7 30. a4 Rc5 31. Rd4 h6 32. g4 R8c7 33. h4 Rc8
34. h5 gxh5 35. gxh5 Kh7 36. Kg3 Rc3 37. R2d3 R3c5 38. Nfxd5 Nxd5 39. Nxd5 Rxc2
40. Nf6+ Kg7 41. Ne4 R8c7 42. Nd6 Kg8 43. Nf5 Kh7 44. Rg4 Rc8 45. Rg7+ Kh8 46.
Rxf7 1-0

[Event "Druzynowe Mistrzostwa Polski - II liga"]
[Site "Dom Wczasowy VIS Jastrzebia Gora"]
[Date "1899-12-30"]
[Round "5.17"]
[White "Krainski, Slawomir"]
[Black "Marciniak, Leonard"]
[Result "1/2-1/2"]
[WhiteTitle "k"]
[BlackTitle "I+"]
[WhiteElo "1982"]
[BlackElo "1811"]

1. e4 c5 2. Nf3 Nc6 3. Nc3 g6 4. d4 cxd4 5. Nxd4 Bg7 6. Nb3 Nf6 7. Be2 b6 8. O-O
O-O 9. Bg5 Bb7 10. Qd2 Rc8 11. Bh6 Qc7 12. Bxg7 Kxg7 13. f4 d6 14. Bf3 Ba6 15.
Be2 Bb7 16. Bf3 Ba6 17. Be2 Qb7 18. Rae1 Rfd8 19. Qe3 Bxe2 20. Qxe2 e6 21. f5
Ne5 22. fxe6 fxe6 23. Nd4 Qe7 24. Qf2 Rf8 25. Qg3 Rce8 26. Nd5 Nxd5 27. exd5 exd5
28. Rxf8 Kxf8 29. Rf1+ Nf7 30. Nb5 Kg8 31. Rxf7 Kxf7 32. Nxd6+ Kg8 33. Nxe8 Qxe8
34. Kf2 1/2-1/2

[Event "Druzynowe Mistrzostwa Polski - II liga"]
[Site "Dom Wczasowy VIS Jastrzebia Gora"]
[Date "1899-12-30"]
[Round "5.18"]
[White "Budkiewicz, Magdalena"]
[Black "Goraj, Barbara"]
[Result "1-0"]
[WhiteTitle "k+"]
[BlackTitle "WCM"]
[WhiteElo "1786"]
[BlackElo "2121"]

1. e4 c5 2. Nf3 Nc6 3. d4 cxd4 4. Nxd4 Nf6 5. Nc3 d6 6. Be2 e5 7. Nf3 h6 8. O-O
Be7 9. Re1 O-O 10. h3 Be6 11. Bf1 Qd7 12. Nd5 Bd8 13. c4 Nh7 14. b3 Ng5 15. Bb2
f5 16. Nxg5 Bxg5 17. exf5 Bxf5 18. Bd3 Bh4 19. Re2 Be6 20. Be4 Rac8 21. Qd3 Kh8
22. Rd1 Qf7 23. Rdd2 b6 24. Bc3 Rfd8 25. Re3 Bg5 26. Rf3 Qd7 27. Rd1 Nb8 28. Bb4
Nc6 29. Bc3 Nb8 30. Bb2 Na6 31. Ba3 Rb8 32. Nc3 Nc5 33. Bxc5 1-0

[Event "Druzynowe Mistrzostwa Polski - II liga"]
[Site "Dom Wczasowy VIS Jastrzebia Gora"]
[Date "1899-12-30"]
[Round "5.19"]
[White "Gnojek, Petr"]
[Black "Golenia, Wojciech"]
[Result "1/2-1/2"]
[WhiteTitle "FM"]
[BlackTitle "k+"]
[WhiteElo "2335"]
[BlackElo "2175"]

1. d4 Nf6 2. c4 e6 3. Nf3 b6 4. Nc3 Bb4 5. Qc2 Bb7 6. a3 Bxc3+ 7. Qxc3 O-O 8. e3
d6 9. Be2 Nbd7 10. O-O c5 11. b4 cxd4 12. Qxd4 Qe7 13. Rd1 d5 14. cxd5 Bxd5 15.
Bb2 Rfd8 16. Qh4 Rac8 17. Rac1 e5 18. h3 h6 19. Rxc8 Rxc8 20. Rd2 Rd8 21. Rd1
Rc8 22. Rd2 Qe6 23. Bb5 Bxf3 24. gxf3 1/2-1/2

[Event "Druzynowe Mistrzostwa Polski - II liga"]
[Site "Dom Wczasowy VIS Jastrzebia Gora"]
[Date "1899-12-30"]
[Round "5.20"]
[White "Golenia, Jan"]
[Black "Paseka, Matyas"]
[Result "1/2-1/2"]
[WhiteTitle "k"]
[BlackTitle ""]
[WhiteElo "2113"]
[BlackElo "2244"]

1. d4 Nf6 2. c4 g6 3. Nc3 Bg7 4. e4 d6 5. f3 O-O 6. Be3 Nc6 7. Nge2 a6 8. Qd2 Rb8
9. Nc1 e5 10. d5 Nd4 11. Nb3 Nxb3 12. axb3 c5 13. dxc6 bxc6 14. Ra3 Qc7 15. Be2
Rd8 16. O-O Bb7 17. Rc1 Qe7 18. Bg5 Qe6 19. b4 h6 20. Bxh6 d5 21. Bxg7 Kxg7 22.
cxd5 cxd5 23. Nxd5 Nxd5 24. exd5 Qb6+ 25. Qe3 Bxd5 26. Bxa6 1/2-1/2

[Event "Druzynowe Mistrzostwa Polski - II liga"]
[Site "Dom Wczasowy VIS Jastrzebia Gora"]
[Date "1899-12-30"]
[Round "5.21"]
[White "Denderski, Piotr"]
[Black "Krawczyk, Wojciech"]
[Result "1-0"]
[WhiteTitle "k"]
[BlackTitle "I++"]
[WhiteElo "2246"]
[BlackElo "1973"]

1. Nf3 d5 2. g3 Nf6 3. Bg2 g6 4. O-O Bg7 5. d3 O-O 6. Nbd2 e6 7. e4 c5 8. Re1 Nc6
9. Qe2 b6 10. Nf1 Ba6 11. e5 Nd7 12. Bf4 Qc7 13. h4 Nd4 14. Nxd4 cxd4 15. Nh2
Rac8 16. Rac1 Qc5 17. h5 h6 18. hxg6 fxg6 19. Qg4 Kf7 20. Nf3 Kg8 21. Nh2 Kf7
22. Nf3 Rfe8 23. Bh3 Re7 24. Bd2 1-0

[Event "Druzynowe Mistrzostwa Polski - II liga"]
[Site "Dom Wczasowy VIS Jastrzebia Gora"]
[Date "1899-12-30"]
[Round "5.22"]
[White "Cichon, Jakub"]
[Black "Kaliszuk, Kamil"]
[Result "1-0"]
[WhiteTitle "I+"]
[BlackTitle "k"]
[WhiteElo "1940"]
[BlackElo "2067"]

1. Nf3 d5 2. c4 e6 3. e3 Nf6 4. b3 c6 5. Bb2 Nbd7 6. Qc2 b6 7. Nc3 Bb7 8. Be2 Bd6
9. cxd5 exd5 10. O-O O-O 11. Rac1 a6 12. d4 b5 13. Bd3 Re8 14. Rfe1 Rf8 15. Rf1
Re8 16. Rfe1 g6 17. e4 1-0

[Event "Druzynowe Mistrzostwa Polski - II liga"]
[Site "Dom Wczasowy VIS Jastrzebia Gora"]
[Date "1899-12-30"]
[Round "5.23"]
[White "Bednarski, Dawid"]
[Black "Cichon, Bartlomiej"]
[Result "1-0"]
[WhiteTitle "I+"]
[BlackTitle "I"]
[WhiteElo "1989"]
[BlackElo "1984"]

1. e4 c5 2. Nf3 d6 3. d4 cxd4 4. Nxd4 Nf6 5. Bd3 Nc6 6. Nb3 g6 7. O-O Bg7 8. c4
O-O 9. Nc3 a5 10. Bg5 a4 11. Nd2 a3 12. b3 Qa5 13. Nb5 h6 14. Bh4 Nd7 15. Rc1
Nc5 16. Qe2 Re8 17. Bb1 Ne6 18. Nf3 b6 19. Bg3 Ba6 20. e5 Bxb5 21. cxb5 Ncd4 22.
Nxd4 Nxd4 23. Qc4 Ne6 24. Qe2 Nd4 25. Qc4 1-0

[Event "Druzynowe Mistrzostwa Polski - II liga"]
[Site "Dom Wczasowy VIS Jastrzebia Gora"]
[Date "1899-12-30"]
[Round "5.24"]
[White "Czarnecka, Lidia"]
[Black "Orlik, Sandra"]
[Result "1-0"]
[WhiteTitle "k"]
[BlackTitle "I++"]
[WhiteElo "1957"]
[BlackElo "1840"]

1. e4 c6 2. d4 d5 3. Nc3 dxe4 4. Nxe4 Nd7 5. Nf3 Ngf6 6. Ng3 Qc7 7. Bc4 e6 8. O-O
Bd6 9. Qe2 O-O 10. Re1 Re8 11. Bg5 Nd5 12. Bb3 Nf4 13. Qe4 Ng6 14. c3 Bf4 15.
Nh5 Bxg5 16. Nxg5 Nf6 17. Qf3 Nxh5 18. Qxh5 h6 19. Nf3 Nf4 20. Qh4 Ng6 21. Qe4
Qf4 22. Qd3 a5 23. Bc2 a4 24. Ne5 Nf8 25. Re3 f5 26. Rae1 Rd8 27. Qc4 Rd5 28.
Bxa4 1-0

[Event "Druzynowe Mistrzostwa Polski - II liga"]
[Site "Dom Wczasowy VIS Jastrzebia Gora"]
[Date "1899-12-30"]
[Round "5.25"]
[White "Lewtak, Damian"]
[Black "Janeczko, Jakub"]
[Result "1-0"]
[WhiteTitle "IM"]
[BlackTitle "I++"]
[WhiteElo "2386"]
[BlackElo "2159"]

1. c4 Nf6 2. Nc3 g6 3. d4 Bg7 4. e4 d6 5. Be2 O-O 6. Be3 e5 7. d5 a5 8. g4 Na6
9. g5 Ne8 10. h4 Nc5 11. h5 Qe7 12. Qc2 Bd7 13. Nf3 c6 14. O-O-O Rc8 15. Rh4 b5
16. Bxc5 dxc5 17. dxc6 Bxc6 18. cxb5 Bb7 19. hxg6 hxg6 20. Qd2 Nc7 21. Qd7 Qxd7
22. Rxd7 Rfd8 23. Rxd8+ Rxd8 24. Bc4 Ne6 25. Bxe6 fxe6 26. Nd2 Bf8 27. f3 Be7
28. Rg4 Rd3 29. Rg3 Bd8 30. Nc4 Rd4 31. b3 Kg7 32. Na4 Be7 33. Nxa5 Bc8 34. Nc3
1-0

[Event "Druzynowe Mistrzostwa Polski - II liga"]
[Site "Dom Wczasowy VIS Jastrzebia Gora"]
[Date "1899-12-30"]
[Round "5.26"]
[White "Dalkowski, Rafal"]
[Black "Kumala, Aleksander"]
[Result "1-0"]
[WhiteTitle "k"]
[BlackTitle "CM"]
[WhiteElo "2033"]
[BlackElo "2175"]

1. d4 d5 2. c4 e6 3. cxd5 exd5 4. Nc3 c6 5. Qc2 Nf6 6. Bg5 Be7 7. e3 Bg4 8. Bd3
Nbd7 9. Nge2 Bxe2 10. Qxe2 O-O 11. O-O Ne8 12. Bf4 Bd6 13. Qf3 Bxf4 14. Qxf4 Qf6
15. Qg3 Rd8 16. b4 Nb6 17. b5 c5 18. Ne2 c4 19. Bc2 Qd6 20. a4 f5 21. Qxd6 Rxd6
22. f3 Re6 23. Kf2 Nc7 24. Nc3 Nc8 25. h3 Nd6 26. g4 g6 27. Rae1 Kg7 28. Re2 Ref6
29. Kg2 b6 30. Ree1 Re6 31. Kg3 Rxe3 32. Rxe3 f4+ 33. Kf2 fxe3+ 34. Kxe3 Re8+
35. Kd2 Ne6 36. Nxd5 Nxd4 37. Bd1 Re5 38. Nc3 Re8 39. f4 Nb7 40. Re1 Ne6 41. Nd5
Rd8 42. Rxe6 Rxd5+ 43. Kc1 Rd7 44. Bc2 Nc5 45. Rc6 Nd3+ 46. Bxd3 cxd3 47. Kd2
Rf7 48. Rc4 Rd7 49. Re4 Kf6 50. Rc4 Ke6 51. Rc6+ Kf7 52. Rc3 Ke6 53. Rxd3 Rc7
54. Rc3 Rd7+ 55. Ke3 Re7 56. Kd4 Rd7+ 57. Ke4 Kf6 58. Rc6+ Ke7 59. Ke5 Kf7 60.
f5 gxf5 61. gxf5 1-0

[Event "Druzynowe Mistrzostwa Polski - II liga"]
[Site "Dom Wczasowy VIS Jastrzebia Gora"]
[Date "1899-12-30"]
[Round "5.28"]
[White "Pancewicz, Szymon"]
[Black "Kanarkiewicz, Michal"]
[Result "1/2-1/2"]
[WhiteTitle "I+"]
[BlackTitle "k"]
[WhiteElo "1850"]
[BlackElo "2084"]

1. e4 c5 2. Nf3 d6 3. d4 cxd4 4. Nxd4 Nf6 5. Nc3 a6 6. h3 e5 7. Nb3 Be6 8. f4 Be7
9. Be3 Nc6 10. f5 Bxb3 11. axb3 Nb4 12. Bc4 Rc8 13. O-O O-O 14. Rf2 b5 15. Bd5
Nbxd5 16. exd5 b4 17. Ne2 Ne4 18. Rf3 Qc7 19. Ng3 Qd8 20. Ne2 Qc7 21. Ng3 Nf6
22. Rf2 Qb7 23. Rd2 1/2-1/2

[Event "Druzynowe Mistrzostwa Polski - II liga"]
[Site "Dom Wczasowy VIS Jastrzebia Gora"]
[Date "1899-12-30"]
[Round "5.29"]
[White "Zurkowski, Andrzej"]
[Black "Suska, Szymon"]
[Result "1-0"]
[WhiteTitle "k+"]
[BlackTitle "I"]
[WhiteElo "2021"]
[BlackElo "1777"]

1. d4 Nf6 2. Bg5 e6 3. Nd2 d5 4. e3 Be7 5. Bd3 b6 6. Qe2 c5 7. c3 Bb7 8. Bxf6 Bxf6
9. f4 Nd7 10. Ngf3 Qc7 11. O-O Be7 12. Ne5 c4 13. Bc2 O-O 14. Rf3 f5 15. Nxd7
Qxd7 16. Rh3 Bf6 17. g4 g6 18. Rg3 b5 19. Nf3 a5 20. h4 Bc8 21. gxf5 exf5 22.
h5 Kf7 23. Kf2 Rg8 24. Rh1 Bb7 25. hxg6+ hxg6 26. Rh6 Rg7 27. Qf1 Qe6 28. Qh3
Re8 29. Ne5+ Bxe5 30. fxe5 Bc8 31. Bxf5 Qxf5+ 32. Rf3 Rf8 33. Rxf5+ Bxf5 34. Qh4
Ke6 35. Rh8 Kf7 36. Rh6 Ke6 37. Rh8 Rgf7 1-0

[Event "Druzynowe Mistrzostwa Polski - II liga"]
[Site "Dom Wczasowy VIS Jastrzebia Gora"]
[Date "1899-12-30"]
[Round "5.30"]
[White "Rejniak, Zuzanna"]
[Black "Kasperek, Joanna"]
[Result "1/2-1/2"]
[WhiteTitle "k"]
[BlackTitle "k++"]
[WhiteElo "1834"]
[BlackElo "2031"]

1. e4 c5 2. Nf3 e6 3. g3 d5 4. exd5 exd5 5. d4 Nf6 6. Bg2 cxd4 7. O-O Be7 8. Nxd4
O-O 9. Nc3 Nc6 10. Be3 Bg4 11. Qd2 Qd7 12. Rfe1 Rac8 13. f3 Bh3 14. Bxh3 Qxh3
15. Nxc6 Rxc6 16. Bxa7 Bc5+ 17. Bxc5 Rxc5 18. Ne2 h6 19. Nd4 Nh7 20. Re7 Ng5 21.
Qg2 Qxg2+ 22. Kxg2 Ne6 23. c3 Nxd4 24. cxd4 Rc2+ 25. Kh3 Rxb2 26. Rd7 Rd2 27.
Rxd5 Re8 28. Re5 Rd8 29. d5 R8xd5 30. Re8+ 1/2-1/2

[Event "Druzynowe Mistrzostwa Polski - II liga"]
[Site "Dom Wczasowy VIS Jastrzebia Gora"]
[Date "1899-12-30"]
[Round "5.32"]
[White "Borgula, Rafal"]
[Black "Kopczyk, Daniel"]
[Result "1/2-1/2"]
[WhiteTitle "FM"]
[BlackTitle "k+"]
[WhiteElo "2201"]
[BlackElo "2167"]

1. d4 Nf6 2. c4 d6 3. Nc3 g6 4. e4 Bg7 5. Nf3 O-O 6. h3 Na6 7. g3 e5 8. Bg2 Re8
9. O-O exd4 10. Nxd4 Nc5 11. Re1 a5 12. b3 c6 13. Rb1 Qb6 14. Be3 Qc7 15. Qc2
Qe7 16. Rbd1 Be6 17. Bf4 Rad8 18. Qc1 Bc8 19. Bg5 Ncd7 20. Qa3 h6 21. Bf4 Ne5
22. Qxa5 Bxh3 23. Bxh3 Ra8 24. Qb6 Ra6 25. Nxc6 Nxc6 26. Qe3 Ne5 27. Qe2 g5 28.
Bxe5 Qxe5 29. Nd5 Nxd5 30. Rxd5 Qc3 31. Rd3 Rxa2 32. Rxc3 Rxe2 33. Rxe2 Re7 34.
Kf1 g4 35. Ke1 1/2-1/2

[Event "Druzynowe Mistrzostwa Polski - II liga"]
[Site "Dom Wczasowy VIS Jastrzebia Gora"]
[Date "1899-12-30"]
[Round "5.33"]
[White "Dzwierzynski, Bartosz"]
[Black "Paprocki, Jaroslaw"]
[Result "1/2-1/2"]
[WhiteTitle "I+"]
[BlackTitle "k++"]
[WhiteElo "2089"]
[BlackElo "2170"]

1. d4 Nf6 2. c4 e6 3. Nc3 Bb4 4. f3 d6 5. e4 c5 6. d5 b5 7. Bd3 O-O 8. Nge2 bxc4
9. Bxc4 exd5 10. Bxd5 Nxd5 11. Qxd5 Be6 12. Qd1 d5 13. exd5 1/2-1/2

[Event "Druzynowe Mistrzostwa Polski - II liga"]
[Site "Dom Wczasowy VIS Jastrzebia Gora"]
[Date "1899-12-30"]
[Round "5.34"]
[White "Popiol, Michal"]
[Black "Palacki, Rafal"]
[Result "1/2-1/2"]
[WhiteTitle "CM"]
[BlackTitle "I"]
[WhiteElo "2183"]
[BlackElo "1860"]

1. d4 d5 2. Nf3 Nf6 3. g3 Nc6 4. Bg2 Bf5 5. O-O e6 6. c4 Be7 7. cxd5 exd5 8. Nc3
Ne4 9. Be3 O-O 10. Nd2 Nxc3 11. bxc3 Na5 12. f3 b5 13. Bf2 b4 14. cxb4 Bxb4 15.
e4 Be6 16. e5 Qd7 17. f4 Bh3 18. Nf3 Bxg2 19. Kxg2 Nc4 20. Qd3 f5 21. exf6 Rxf6
22. Ne5 Qe6 23. Rac1 Nd2 24. Rfd1 Ne4 25. Rxc7 Bd6 26. Rc2 Rh6 27. h4 Rf8 28.
Rh1 Rhf6 29. Be1 Qf5 30. Re2 Kh8 31. a3 Bxe5 32. dxe5 Rg6 33. Qxd5 Nxg3 34. Bxg3
Rxg3+ 35. Kxg3 Qxf4+ 36. Kh3 Qf5+ 1/2-1/2

[Event "Druzynowe Mistrzostwa Polski - II liga"]
[Site "Dom Wczasowy VIS Jastrzebia Gora"]
[Date "1899-12-30"]
[Round "5.35"]
[White "Skladanowski, Adam"]
[Black "Wolanski, Michal"]
[Result "0-1"]
[WhiteTitle "I++"]
[BlackTitle "I++"]
[WhiteElo "1774"]
[BlackElo "1918"]

1. Nf3 c5 2. c4 Nc6 3. g3 g6 4. d4 cxd4 5. Nxd4 Bg7 6. Nc2 Nf6 7. Bg2 O-O 8. Nc3
d6 9. O-O a5 10. Ne3 Be6 11. Ned5 Nd7 12. Bd2 Nc5 13. Rc1 Rc8 14. e4 f5 15. Be3
b6 16. b3 Ne5 17. Nf4 Bf7 18. exf5 gxf5 19. Nh5 Ned3 20. Nxg7 Kxg7 21. Rc2 f4
22. gxf4 Bg6 23. Rd2 Nxf4 24. f3 Qd7 25. Bd4+ Kf7 26. Bf2 Rg8 27. Bg3 Ncd3 28.
Ne4 Nxg2 29. Rxg2 Nc5 30. Qd5+ Kf8 31. Bf4 Qe6 32. Bh6+ Ke8 33. Qd2 Kd7 34. Nc3
Bf5 35. Rff2 Nd3 36. Re2 Rxg2+ 37. Rxg2 Ne5 38. Qe3 Rg8 39. Nd5 Rxg2+ 40. Kxg2
Qg6+ 41. Qg5 e6 42. Nxb6+ Kc6 43. Na4 Bb1 44. Nc3 Qc2+ 45. Qd2 Qg6+ 46. Kf2 Bf5
47. Be3 Nd3+ 48. Kf1 Qh5 49. Qe2 Ne5 50. Ke1 Nxf3+ 51. Kd1 Bg4 52. Kc1 Qxh2 53.
Bf2 Qf4+ 54. Kb2 Ne5 55. Qe4+ Qxe4 56. Nxe4 Bf5 0-1

[Event "Druzynowe Mistrzostwa Polski - II liga"]
[Site "Dom Wczasowy VIS Jastrzebia Gora"]
[Date "1899-12-30"]
[Round "5.36"]
[White "Paprocka, Renata"]
[Black "Giefert, Sara"]
[Result "1-0"]
[WhiteTitle "WFM"]
[BlackTitle "I++"]
[WhiteElo "1869"]
[BlackElo "1682"]

1. d4 Nf6 2. Nf3 g6 3. c4 Bg7 4. Nc3 d6 5. e4 O-O 6. Be2 e5 7. O-O Nbd7 8. Be3
c6 9. d5 c5 10. a3 Ng4 11. Bd2 f5 12. h3 Ngf6 13. Ng5 Nb8 14. exf5 gxf5 15. b4
b6 16. bxc5 bxc5 17. Ne6 Bxe6 18. dxe6 Nc6 19. Nd5 Re8 20. Bg5 Rf8 21. Bh5 Ne7
22. Bf7+ Rxf7 23. exf7+ Kxf7 24. Nxe7 Qxe7 25. Rb1 Rd8 26. Rb3 Rd7 27. Qc2 Qe6
28. Bxf6 Bxf6 29. Rfb1 e4 30. Qe2 Be5 31. Qh5+ Kg7 32. Rb7 Bf6 33. Qd1 Bd4 34.
Qa4 Rf7 35. Qc6 e3 36. Qd5 exf2+ 37. Kf1 Qxd5 38. cxd5 c4 39. Rxf7+ Kxf7 40. Rb4
Kf6 41. Rxc4 Ke5 42. Rc7 Kxd5 43. Rxh7 Bc5 44. h4 Ke5 45. Rf7 Ke6 46. Rf8 d5 47.
Rc8 Bb6 48. h5 Kf6 49. Rc6+ Kg7 50. Rd6 f4 51. Rxd5 Kh6 52. Rf5 Be3 53. a4 Kg7
54. Ke2 Kh6 55. g4 Kg7 56. a5 Kh7 57. Rd5 Kh6 58. Kf1 Kh7 59. g5 1-0

[Event "Druzynowe Mistrzostwa Polski - II liga"]
[Site "Dom Wczasowy VIS Jastrzebia Gora"]
[Date "1899-12-30"]
[Round "5.37"]
[White "Lubczynski, Rafal"]
[Black "Putlak, Wojciech"]
[Result "1-0"]
[WhiteTitle "IM"]
[BlackTitle "I++"]
[WhiteElo "2413"]
[BlackElo "1994"]

1. d4 Nf6 2. Nf3 e6 3. g3 b6 4. Bg2 Bb7 5. O-O Be7 6. c4 O-O 7. Nc3 Ne4 8. Bd2
d6 9. Qc2 Nxd2 10. Qxd2 Nd7 11. e4 e5 12. Rad1 g6 13. Nd5 Re8 14. Qc2 c6 15. Nxe7+
Qxe7 16. Rfe1 c5 17. d5 Nf6 18. a3 Reb8 19. h3 Bc8 20. b4 Qc7 21. Nd2 Nd7 22.
b5 a6 23. Re3 Ra7 24. f4 f6 25. Rf1 Bb7 26. h4 Rf8 27. Bh3 Bc8 28. Be6+ Kg7 29.
Ref3 Qd8 30. Nb1 Qe7 31. Nc3 a5 32. Qf2 Rb7 33. Kh1 h6 34. Nd1 Rc7 35. h5 Nb8
36. fxe5 dxe5 37. Bxc8 Rcxc8 38. hxg6 Kxg6 39. Ne3 Nd7 40. Nf5 Qh7 41. Kg2 h5
42. Rh1 Kf7 43. Nd6+ Ke7 44. Nxc8+ Rxc8 45. Rf5 Rh8 46. Qe2 Qg6 47. Rfxh5 Rg8
48. Qf3 Kd6 49. R1h3 Ke7 50. Qf5 Qxf5 51. Rxf5 Rg4 52. Kf3 Rg7 53. Kf2 Rg4 54.
Rh7+ Kd6 55. Kf3 Rg6 56. Rf7 Rh6 57. Kg2 Kc7 58. g4 Rh4 59. Rg7 Kd6 60. Rh5 1-0

[Event "Druzynowe Mistrzostwa Polski - II liga"]
[Site "Dom Wczasowy VIS Jastrzebia Gora"]
[Date "1899-12-30"]
[Round "5.39"]
[White "Kuegel, Tobias"]
[Black "Marszk, Kazimierz"]
[Result "1-0"]
[WhiteTitle "FM"]
[BlackTitle "k"]
[WhiteElo "2297"]
[BlackElo "1872"]

1. e4 c5 2. Nf3 g6 3. c4 Bg7 4. d4 cxd4 5. Nxd4 Nc6 6. Be3 Nf6 7. Nc3 O-O 8. Be2
d6 9. O-O Nxd4 10. Bxd4 Bd7 11. f3 Rc8 12. Bxa7 Be6 13. Qb3 Qc7 14. Bb6 Qc6 15.
Nd5 Rfe8 16. Be3 Nd7 17. Rac1 Nc5 18. Qc2 Nd7 19. b4 b5 20. Qd2 bxc4 21. Rxc4
Qb7 22. Rxc8 Qxc8 23. Rc1 Qb8 24. Nc7 Rc8 25. Nxe6 Rxc1+ 26. Qxc1 fxe6 27. Qc4
Kf7 28. a4 Ne5 29. Qb3 Nc6 30. b5 Bd4 31. Bc4 Qb6 32. Kf2 Na5 33. Bxe6+ Kf6 34.
Qb2 Ke5 35. Bd5 g5 36. Bxd4+ Qxd4+ 37. Qxd4+ Kxd4 38. b6 1-0

[Event "Druzynowe Mistrzostwa Polski - II liga"]
[Site "Dom Wczasowy VIS Jastrzebia Gora"]
[Date "1899-12-30"]
[Round "5.40"]
[White "Grajczak, Adrian"]
[Black "Dubinski, Mateusz"]
[Result "0-1"]
[WhiteTitle "I++"]
[BlackTitle "FM"]
[WhiteElo "1831"]
[BlackElo "2250"]

1. e4 c5 2. b3 Nc6 3. Bb2 e5 4. Nc3 d6 5. Bc4 Nf6 6. Nge2 a6 7. a4 g6 8. d3 Bg7
9. O-O O-O 10. Qd2 Ne7 11. Rae1 Rb8 12. Ba3 Qa5 13. Rb1 Nc6 14. Qc1 b5 15. axb5
axb5 16. Nxb5 Rxb5 17. Bxb5 Qxb5 18. Nc3 Qb6 19. Na4 Qa5 20. c3 Be6 21. Qc2 Ra8
22. Bc1 Qb5 23. f4 exf4 24. Bxf4 Ne8 25. c4 Qb4 26. Bd2 Qb7 27. Bc3 Nd4 28. Qd1
Bd7 29. Rf2 Be5 30. Qf1 Bc6 31. Qd1 f6 32. Ra2 Nc7 33. Kh1 Na6 34. Bxd4 Bxd4 35.
Nb2 f5 36. Qe2 fxe4 37. Rf1 e3 38. Nd1 Re8 39. h4 Nb4 0-1